[Event "EU-ch (Women) 24th"]
[Site "Rhodes"]
[Date "2024.04.23"]
[Round "5"]
[White "Makka, Ioulia"]
[Black "Tuktamisova, Diana"]
[Result "1-0"]
[WhiteElo "1983"]
[BlackElo "1864"]
[PlyCount "107"]
[EventDate "2024.04.19"]
[EventType "swiss"]
[EventRounds "10"]
[EventCountry "GRE"]
[SourceTitle "CB18_2024"]
[SourceDate "2024.05.01"]
[SourceVersion "1"]
[SourceVersionDate "2024.05.01"]
[SourceQuality "2"]

1. e4 c5 2. Nf3 d6 3. d4 cxd4 4. Nxd4 Nf6 5. Nc3 a6 6. Be3 e5 7. Nf3 Bg4 8. h3 Bh5 9. Bc4 Qc7 10. Bb3 Nc6 11. a3 Be7 12. Nd5 Nxd5 13. Bxd5 Rc8 14. Rc1 Bxf3 15. Qxf3 Bf6 16. Qd1 Ne7 17. Ba2 Qc6 18. Qd3 0-0 19. 0-0 Ng6 20. g3 Kh8 21. Kh2 Qd7 22. Rfd1 Be7 23. Bd5 Bd8 24. Qb3 b5 25. c4 f5 26. exf5 Qxf5 27. cxb5 Rxc1 28. Rxc1 axb5 29. Be6 Qf3 30. Rc8 Qe2 31. Qc2 Qf1 32. Qd2 e4 33. Rc1 Qd3 34. Qxd3 exd3 35. Kg2 Bf6 36. Rd1 Bxb2 37. Rxd3 Ra8 38. Rb3 Bxa3 39. Bd5 Ra5 40. Bb6 Ra4 41. Re3 h6 42. Re8+ Kh7 43. Bg8+ Kh8 44. Bb3+ Kh7 45. Bxa4 bxa4 46. Ra8 Bb2 47. Rxa4 Nf8 48. Bd4 Bc1 49. Ra6 Ne6 50. Be3 Bb2 51. Rxd6 Nf8 52. Bd4 Ba3 53. Ra6 Bb4 54. f4 1-0

[Event "MDA-ch (Women)"]
[Site "Kishinev"]
[Date "2024.02.08"]
[Round "6"]
[White "Petricenco, Ana"]
[Black "Tuktamisova, Diana"]
[Result "0-1"]
[WhiteElo "2032"]
[BlackElo "1726"]
[PlyCount "100"]
[EventDate "2024.02.03"]
[EventType "swiss"]
[EventRounds "7"]
[EventCountry "MDA"]
[SourceTitle "CB07_2024"]
[SourceDate "2024.02.14"]
[SourceVersion "1"]
[SourceVersionDate "2024.02.14"]
[SourceQuality "1"]

1. e4 c5 2. Nf3 Nc6 3. Bb5 e6 4. 0-0 Nf6 5. Re1 a6 6. Bd3 d5 7. e5 Nd7 8. c3 Qc7 9. Qe2 g6 10. Bc2 c4 11. d4 cxd3 12. Bxd3 Bg7 13. Bf4 0-0 14. g3 Nc5 15. Bc2 b6 16. Nbd2 a5 17. Nd4 Ba6 18. Qe3 Nd7 19. N2f3 Rac8 20. h4 Nxd4 21. Nxd4 Nb8 22. h5 Nc6 23. hxg6 hxg6 24. Rad1 Nxd4 25. Rxd4 Rfe8 26. Kg2 b5 27. Bh6 Kf8 28. Rh1 Bxh6 29. Qxh6+ Ke7 30. Bxg6 Qxe5 31. Bxf7 Rh8 32. Qg6 Rxh1 33. Kxh1 b4 34. Qxe6+ Qxe6 35. Bxe6 Kxe6 36. cxb4 Ke5 37. Rd2 axb4 38. Kg2 d4 39. Kf3 Rf8+ 40. Kg2 d3 41. Kf1 Kd4 42. Ke1 Rh8 43. Rd1 Re8+ 44. Kd2 Re2+ 45. Kc1 Rxf2 46. g4 Ke3 47. g5 Rc2+ 48. Kb1 Rg2 49. b3 Rxg5 50. a3 Ke2 0-1

[Event "EU-chT U18 Girls"]
[Site "Iasi"]
[Date "2023.07.30"]
[Round "7.2"]
[White "Litcanu, Daria Tiana"]
[Black "Tuktamisova, Diana"]
[Result "0-1"]
[WhiteElo "1260"]
[BlackElo "1629"]
[PlyCount "108"]
[EventDate "2023.07.24"]
[EventType "team-swiss"]
[EventRounds "7"]
[EventCountry "ROU"]
[SourceTitle "CBM 215 Extra"]
[Source "ChessBase"]
[SourceDate "2023.09.30"]
[SourceVersion "1"]
[SourceVersionDate "2023.09.30"]
[SourceQuality "1"]
[WhiteTeam "Romania Iasi U18 Girls"]
[BlackTeam "Moldova U18 Girls"]
[WhiteTeamCountry "ROU"]
[BlackTeamCountry "MDA"]

1. e4 c5 2. Nf3 d6 3. d4 cxd4 4. Nxd4 Nf6 5. Nc3 a6 6. Be3 e5 7. Nb3 Be6 8. f3 Be7 9. Nd5 Bxd5 10. exd5 h5 11. Bd3 Nxd5 12. Bb5+ axb5 13. Qxd5 Qd7 14. 0-0 Qc6 15. Qd2 Nd7 16. f4 h4 17. fxe5 dxe5 18. h3 Nf6 19. Qf2 Qe6 20. Qf5 Qxf5 21. Rxf5 Nd7 22. Bd2 b6 23. a3 f6 24. Rf3 Kf7 25. Rd1 Rhd8 26. Be1 g5 27. Rfd3 Nf8 28. Bf2 Rab8 29. Rxd8 Rxd8 30. Re1 Rd6 31. Be3 Ne6 32. Nd2 Rc6 33. c3 Bc5 34. Bxc5 Nxc5 35. Re3 Na4 36. Ne4 Nxb2 37. Rf3 Ke7 38. Nd2 Nc4 39. Nb1 Rd6 40. Rf1 e4 41. Re1 f5 42. Kf2 Kf6 43. g4 hxg3+ 44. Kxg3 Rd3+ 45. Kg2 Ke5 46. Kf2 f4 47. Rg1 Kf5 48. h4 g4 49. h5 Rh3 50. h6 Rxh6 51. Ke2 Rh2+ 52. Ke1 f3 53. a4 Re2+ 54. Kd1 Ne3+ 0-1

[Event "EU-chT U18 Girls"]
[Site "Iasi"]
[Date "2023.07.29"]
[Round "6.2"]
[White "Tuktamisova, Diana"]
[Black "Toth, Lili1111"]
[Result "1/2-1/2"]
[WhiteElo "1629"]
[BlackElo "1970"]
[PlyCount "127"]
[EventDate "2023.07.24"]
[EventType "team-swiss"]
[EventRounds "7"]
[EventCountry "ROU"]
[SourceTitle "CBM 215 Extra"]
[Source "ChessBase"]
[SourceDate "2023.09.30"]
[SourceVersion "1"]
[SourceVersionDate "2023.09.30"]
[SourceQuality "1"]
[WhiteTeam "Moldova U18 Girls"]
[BlackTeam "Hungary U18 Girls"]
[WhiteTeamCountry "MDA"]
[BlackTeamCountry "HUN"]

1. e4 e5 2. Nf3 Nc6 3. Bb5 a6 4. Ba4 Nf6 5. 0-0 Be7 6. Re1 b5 7. Bb3 d6 8. c3 0-0 9. d4 Bg4 10. Bd5 Nxd5 11. exd5 Na5 12. dxe5 dxe5 13. Rxe5 Nc4 14. Re1 Bf6 15. Qd3 Qd7 16. Na3 Bf5 17. Qd1 Nxa3 18. bxa3 Bxc3 19. Bf4 Bxe1 20. Qxe1 Qxd5 21. Bxc7 Rfe8 22. Qa5 h6 23. a4 Rac8 24. Bb6 Be4 25. Ne1 Qc4 26. Qxa6 Qc3 27. Rd1 Bb7 28. Qa5 b4 29. Be3 Re6 30. h3 Rce8 31. Qf5 Rg6 32. Nf3 Qc6 33. Rd7 Qxf3 34. Qxg6 fxg6 35. gxf3 Bxf3 36. a5 g5 37. a6 Bc6 38. Rd6 Ba8 39. Rb6 Bd5 40. a7 Kf7 41. Rxb4 Ra8 42. a4 Ke6 43. Rb6+ Kf5 44. Rb5 Ke4 45. Rb8 Kf3 46. Bd4 g6 47. Rb6 Ke4 48. Be3 Kf5 49. Rb4 Bc6 50. Rb5+ Ke6 51. Rb6 Kd5 52. a5 h5 53. Rb8 g4 54. hxg4 hxg4 55. Kh2 Ke4 56. Kg3 Kf5 57. Bd4 Bf3 58. Rb5+ Ke4 59. Be3 Rh8 60. Rb4+ Kf5 61. Rb5+ Ke4 62. Rb4+ Kf5 63. Rb5+ Ke4 64. Rb4+ 1/2-1/2

[Event "EU-chT U18 Girls"]
[Site "Iasi"]
[Date "2023.07.28"]
[Round "5.2"]
[White "Matasaru, Stephanie"]
[Black "Tuktamisova, Diana"]
[Result "1-0"]
[WhiteElo "1802"]
[BlackElo "1629"]
[PlyCount "115"]
[EventDate "2023.07.24"]
[EventType "team-swiss"]
[EventRounds "7"]
[EventCountry "ROU"]
[SourceTitle "CBM 215 Extra"]
[Source "ChessBase"]
[SourceDate "2023.09.30"]
[SourceVersion "1"]
[SourceVersionDate "2023.09.30"]
[SourceQuality "1"]
[WhiteTeam "Romania Light Energy U18 Girls"]
[BlackTeam "Moldova U18 Girls"]
[WhiteTeamCountry "ROU"]
[BlackTeamCountry "MDA"]

1. e4 c5 2. Nf3 d6 3. Bc4 Nf6 4. d3 g6 5. c3 Bg7 6. 0-0 0-0 7. Bb3 b5 8. Re1 Nc6 9. h3 Bb7 10. Nbd2 Nd7 11. Nf1 Nb6 12. d4 a5 13. d5 Nb8 14. a3 N8d7 15. Bf4 f5 16. Ng5 Qc8 17. Ne6 Rf7 18. Nxg7 Rxg7 19. exf5 gxf5 20. Ne3 Nf6 21. Bc2 Bxd5 22. Bxf5 Qb7 23. Nxd5 Nbxd5 24. Be6+ Kh8 25. Qf3 Ra7 26. Bg3 Nb6 27. Qxb7 Rxb7 28. b4 axb4 29. axb4 cxb4 30. cxb4 Nfd5 31. Rec1 Rg6 32. Bf5 Rf6 33. Be4 Rc7 34. Rxc7 Nxc7 35. Ra7 Ncd5 36. Rb7 Nc3 37. Rxe7 Nxe4 38. Rxe4 Kg8 39. Re8+ Kf7 40. Rb8 Nd7 41. Rxb5 Ke6 42. Kf1 Rf8 43. Rh5 Nf6 44. Rh6 Kd5 45. Bh4 Ne4 46. Rxh7 Kc4 47. f3 Kd3 48. Kg1 Nd2 49. Rd7 Ra8 50. Rxd6+ Ke2 51. Re6+ Kd3 52. Kf2 Nc4 53. Bg5 Ra4 54. b5 Rb4 55. b6 Nxb6 56. Kg3 Nc4 57. h4 Rb5 58. Bf4 1-0

[Event "EU-chT U18 Girls"]
[Site "Iasi"]
[Date "2023.07.27"]
[Round "4.2"]
[White "Tuktamisova, Diana"]
[Black "Qasem, Huda"]
[Result "1-0"]
[WhiteElo "1629"]
[BlackElo "1905"]
[PlyCount "117"]
[EventDate "2023.07.24"]
[EventType "team-swiss"]
[EventRounds "7"]
[EventCountry "ROU"]
[SourceTitle "CBM 215 Extra"]
[Source "ChessBase"]
[SourceDate "2023.09.30"]
[SourceVersion "1"]
[SourceVersionDate "2023.09.30"]
[SourceQuality "1"]
[WhiteTeam "Moldova U18 Girls"]
[BlackTeam "Israel U18 Girls II"]
[WhiteTeamCountry "MDA"]
[BlackTeamCountry "ISR"]

1. e4 c5 2. Nf3 Nc6 3. d4 cxd4 4. Nxd4 e5 5. Nb5 d6 6. c4 a6 7. N5a3 Be6 8. Nc3 Rc8 9. Bd3 Nf6 10. 0-0 g6 11. b3 Bg7 12. Nc2 0-0 13. Ne3 Nd4 14. Bb2 Nd7 15. Rc1 Nc5 16. Bb1 f5 17. exf5 gxf5 18. Ncd5 Kh8 19. f4 Ne4 20. g3 Qe8 21. Kg2 b5 22. Ba3 Qd8 23. cxb5 Rxc1 24. Qxc1 Nxb5 25. Bb2 Bxd5 26. Nxd5 Qa8 27. Bxe4 fxe4 28. Ne3 Rc8 29. Qd1 Nd4 30. f5 Rf8 31. h4 Qc8 32. Qg4 Qc6 33. Rc1 Qb5 34. Rc7 Qe2+ 35. Qxe2 Nxe2 36. Rd7 Nd4 37. Rxd6 a5 38. g4 Nf3 39. Kg3 h6 40. Nc4 a4 41. bxa4 Rc8 42. Ne3 Rb8 43. Bc1 Nd4 44. Kf2 Ra8 45. g5 hxg5 46. hxg5 Nxf5 47. Nxf5 Rf8 48. a5 Rxf5+ 49. Ke2 Rf8 50. a6 Ra8 51. Be3 Bf8 52. Rc6 Be7 53. a7 Bxg5 54. Rb6 Bd8 55. Rb8 Rxb8 56. axb8Q Kg7 57. Qxd8 Kh7 58. Qf6 Kg8 59. Bh6 1-0

[Event "EU-chT U18 Girls"]
[Site "Iasi"]
[Date "2023.07.26"]
[Round "3.2"]
[White "Guid, Taja"]
[Black "Tuktamisova, Diana"]
[Result "0-1"]
[WhiteElo "1729"]
[BlackElo "1629"]
[PlyCount "60"]
[EventDate "2023.07.24"]
[EventType "team-swiss"]
[EventRounds "7"]
[EventCountry "ROU"]
[SourceTitle "CBM 215 Extra"]
[Source "ChessBase"]
[SourceDate "2023.09.30"]
[SourceVersion "1"]
[SourceVersionDate "2023.09.30"]
[SourceQuality "1"]
[WhiteTeam "Slovenia U18 Girls"]
[BlackTeam "Moldova U18 Girls"]
[WhiteTeamCountry "SLO"]
[BlackTeamCountry "MDA"]

1. e4 c5 2. Nc3 d6 3. d4 cxd4 4. Qxd4 Nc6 5. Qd2 Nf6 6. b3 e6 7. Bb2 d5 8. exd5 exd5 9. 0-0-0 Be6 10. Nge2 Qa5 11. Kb1 Bb4 12. Qg5 0-0-0 13. f3 Rhg8 14. g4 h6 15. Qh4 Rd7 16. Bh3 Rgd8 17. Qg3 d4 18. Ne4 d3 19. cxd3 Rxd3 20. Rxd3 Rxd3 21. Nxf6 gxf6 22. Nc1 Rd2 23. f4 Bd5 24. g5+ Kb8 25. Rf1 Be4+ 26. Ka1 Rxb2 27. Kxb2 Bc5 28. Rd1 Qa3+ 29. Kc3 Bb4+ 30. Kc4 Qa6# 0-1

[Event "MDA-ch (Women)"]
[Site "Kishinev"]
[Date "2022.02.19"]
[Round "1"]
[White "Tuktamisova, Diana"]
[Black "Petrenko, Svetlana"]
[Result "0-1"]
[WhiteElo "1615"]
[BlackElo "2054"]
[PlyCount "80"]
[EventDate "2022.02.19"]
[EventType "swiss"]
[EventRounds "7"]
[EventCountry "MDA"]
[SourceTitle "CBM 207 Extra"]
[Source "ChessBase"]
[SourceDate "2022.05.31"]
[SourceVersion "1"]
[SourceVersionDate "2022.05.31"]
[SourceQuality "1"]

1. e4 c5 2. Nf3 Nc6 3. Nc3 e5 4. b3 d6 5. Bc4 Be6 6. Bd5 Be7 7. Qe2 Qd7 8. Nd1 Bxd5 9. exd5 Nb4 10. Ne3 Nf6 11. c4 e4 12. Ng1 a5 13. a4 0-0 14. f3 Nd3+ 15. Kd1 Rae8 16. Nh3 Bd8 17. fxe4 Nxc1 18. Rxc1 Nxe4 19. Qf3 g6 20. g4 Re5 21. Nf2 Nxf2+ 22. Qxf2 Bg5 23. h3 f5 24. gxf5 Bxe3 25. dxe3 Rexf5 26. Qh4 Qg7 27. Qe4 Re5 28. Qd3 Qh6 29. Ke2 Qh5+ 30. Kd2 Rf2+ 31. Kc3 Rf3 32. Rce1 Rxh3 33. Rxh3 Qxh3 34. Qe2 h5 35. Kc2 Rg5 36. Kc1 Rg2 37. Qd3 Qg3 38. Rf1 Qe5 39. Rf8+ Kxf8 40. Qf1+ Kg7 0-1

[Event "MDA-ch (Women)"]
[Site "Kishinev"]
[Date "2020.02.04"]
[Round "7"]
[White "Tuktamisova, Diana"]
[Black "Verbin, Valentina"]
[Result "1/2-1/2"]
[WhiteElo "1509"]
[BlackElo "1992"]
[PlyCount "72"]
[EventDate "2020.01.29"]
[EventType "tourn"]
[EventRounds "9"]
[EventCountry "MDA"]
[SourceTitle "CBM 195 Extra"]
[Source "ChessBase"]
[SourceDate "2020.05.31"]
[SourceVersion "1"]
[SourceVersionDate "2020.05.31"]
[SourceQuality "1"]

1. e4 c5 2. Nf3 d6 3. d4 cxd4 4. Nxd4 Nf6 5. Nc3 a6 6. f3 e6 7. Be3 b5 8. g4 h6 9. h4 Nfd7 10. Qd2 Nb6 11. 0-0-0 N8d7 12. f4 Bb7 13. Bd3 b4 14. Nce2 Qc7 15. g5 Nc5 16. Ng3 Nxd3+ 17. Qxd3 Qc4 18. Qxc4 Nxc4 19. Bf2 e5 20. fxe5 dxe5 21. Nf3 hxg5 22. hxg5 Rxh1 23. Rxh1 0-0-0 24. b3 Nd6 25. Nxe5 Nxe4 26. Nxe4 Bxe4 27. Rh4 Bd5 28. Nd3 a5 29. Bb6 Re8 30. Bxa5 Be7 31. Rg4 Be6 32. Rg1 Bf5 33. Bxb4 Bxd3 34. Bxe7 Bxc2 35. Kxc2 Rxe7 36. Rg2 Rb7 1/2-1/2

[Event "MDA-ch (Women)"]
[Site "Kishinev"]
[Date "2020.01.29"]
[Round "1"]
[White "Mihailova, Alina"]
[Black "Tuktamisova, Diana"]
[Result "1-0"]
[WhiteElo "1773"]
[BlackElo "1509"]
[PlyCount "61"]
[EventDate "2020.01.29"]
[EventType "tourn"]
[EventRounds "9"]
[EventCountry "MDA"]
[SourceTitle "CBM 195 Extra"]
[Source "ChessBase"]
[SourceDate "2020.05.31"]
[SourceVersion "1"]
[SourceVersionDate "2020.05.31"]
[SourceQuality "1"]

1. d4 Nf6 2. c4 g6 3. Nc3 d5 4. cxd5 Nxd5 5. e4 Nxc3 6. bxc3 Bg7 7. Bc4 c5 8. Ne2 Nc6 9. Be3 0-0 10. 0-0 Qc7 11. Rc1 b6 12. f4 Bg4 13. h3 Bxe2 14. Bxe2 Rad8 15. d5 e6 16. c4 Nd4 17. Bd3 f5 18. e5 exd5 19. cxd5 Bxe5 20. fxe5 Qxe5 21. Bf4 Qf6 22. Re1 Qh4 23. Be5 Rfe8 24. d6 Nc6 25. Bc4+ Kf8 26. Qd5 Qxc4 27. Rxc4 Nd4 28. d7 Re6 29. Rxd4 Rxe5 30. Qxe5 cxd4 31. Qf6+ 1-0